| 000 | 00444nam a2200133Ia 4500 | ||
|---|---|---|---|
| 008 | 170419s9999 xx 000 0 und d | ||
| 100 | _aGlazer, Greer. | ||
| 245 | _aHolistic admissions in nursing: we can do this | ||
| 245 | _cGreer Glazer, Angela Clark, Karen Bankston, Jennifer Danek, Malika Fair, and Julia Michaels | ||
| 260 | _bElsevier | ||
| 260 | _c2016 | ||
| 300 | _aJuly/August 2016 | ||
| 440 |
_aJournal of Profesional Nursing _v32:4 |
||
| 999 |
_c329533 _d329533 |
||